000 00483nam a22001577a 4500
008 160608b xxu||||| |||| 00| 0 eng d
020 _a0739096871
040 _aKABU
_cKABU
050 _aML3790
_b.W56 2013 c. 1
100 _aWinogradsky, Steve
245 _aMusic publishing
_bthe complete guide
_cSteve Winogradsky
260 _aCalifornia
_bAlfred music
_c2013
300 _ax, 397 p.
650 _aMusic trade
942 _2lcc
_cBK
_hML3790 .W56 2013 c. 1
999 _c15981
_d15981